<?xml version="1.0" encoding="UTF-8"?><?xml-stylesheet type="text/xsl" href="static/style.xsl"?><OAI-PMH xmlns="http://www.openarchives.org/OAI/2.0/" xmlns:xsi="http://www.w3.org/2001/XMLSchema-instance" xsi:schemaLocation="http://www.openarchives.org/OAI/2.0/ http://www.openarchives.org/OAI/2.0/OAI-PMH.xsd"><responseDate>2026-04-17T14:06:39Z</responseDate><request verb="GetRecord" identifier="oai:www.recercat.cat:2445/183819" metadataPrefix="marc">https://recercat.cat/oai/request</request><GetRecord><record><header><identifier>oai:recercat.cat:2445/183819</identifier><datestamp>2025-12-04T21:36:58Z</datestamp><setSpec>com_2072_1057</setSpec><setSpec>col_2072_478917</setSpec><setSpec>col_2072_478938</setSpec></header><metadata><record xmlns="http://www.loc.gov/MARC21/slim" xmlns:dcterms="http://purl.org/dc/terms/" xmlns:xsi="http://www.w3.org/2001/XMLSchema-instance" xmlns:doc="http://www.lyncode.com/xoai" xsi:schemaLocation="http://www.loc.gov/MARC21/slim http://www.loc.gov/standards/marcxml/schema/MARC21slim.xsd">
   <leader>00925njm 22002777a 4500</leader>
   <datafield ind2=" " ind1=" " tag="042">
      <subfield code="a">dc</subfield>
   </datafield>
   <datafield ind2=" " ind1=" " tag="720">
      <subfield code="a">Palacín Bartrolí, Càndid</subfield>
      <subfield code="e">author</subfield>
   </datafield>
   <datafield ind2=" " ind1=" " tag="720">
      <subfield code="a">Muñoz Garcia, Araceli</subfield>
      <subfield code="e">author</subfield>
   </datafield>
   <datafield ind2=" " ind1=" " tag="720">
      <subfield code="a">Magaña, Claudia R.</subfield>
      <subfield code="e">author</subfield>
   </datafield>
   <datafield ind2=" " ind1=" " tag="720">
      <subfield code="a">Boixadòs, Adela</subfield>
      <subfield code="e">author</subfield>
   </datafield>
   <datafield ind2=" " ind1=" " tag="260">
      <subfield code="c">2022-03-07T09:52:10Z</subfield>
   </datafield>
   <datafield ind2=" " ind1=" " tag="260">
      <subfield code="c">2022-03-07T09:52:10Z</subfield>
   </datafield>
   <datafield ind2=" " ind1=" " tag="260">
      <subfield code="c">2021</subfield>
   </datafield>
   <datafield ind2=" " ind1=" " tag="260">
      <subfield code="c">2022-03-07T09:52:10Z</subfield>
   </datafield>
   <datafield ind2=" " ind1=" " tag="520">
      <subfield code="a">El artículo tiene dos objetivos: identificar la importancia de la participación de las familias en los marcos organizacionales de los servicios sociales de atención básica y, explorar la innovación y la participación en el proceso y en los modelos de intervención a traves de tres ejes: los dispositivos de atención y la centralidad de los servicios sociales como punto de referencia en le territorio; la participación de la innovación en la intervención de los servicios sociales de atención básica y la relación entre familias y profesionales. Es una investigación cualitativa en la que se llevaron a cabo 38 entrevists individuales y 9 grupos de discusión. E total participaron 125 personas, de las cuales 42 fueron familias acompañadas por los servicios sociales de atención básica, 55 profesionales y 28 cargos de gestión. Los principales hallazgos se centran en las propuestas de cambio en los marcos organizacionales. El énfasis de los agentes en resignificar los espacios y la incidencia política de comunición orienta hacía nuevos interrogantes centrados en el papel del trabajo social, sobre todo de corte grupa y comunitario. A partir de los resultados se delinean algunos caminos de cómo pensar la innovacion y propuestas, más allá de la perspectiva hegemónica de la innovación de sustitución o inclusion de 'tecnologías de intervención'. En el proceso de intervención y en la relación profesional, es imprescindible pensar y diseñar nuevas estrategias de colaboración entre personas, famílias y profesionales con el fin de lograr un acercamiento mutuo y un progreso conjunto. Sin embargo, surgen cuestionamientos abiertos alrededor de que algunas innovaciones propuestas forman parte del marco teórico del trabajo social.</subfield>
   </datafield>
   <datafield tag="653" ind2=" " ind1=" ">
      <subfield code="a">Acció social</subfield>
   </datafield>
   <datafield tag="653" ind2=" " ind1=" ">
      <subfield code="a">Famílies amb problemes</subfield>
   </datafield>
   <datafield tag="653" ind2=" " ind1=" ">
      <subfield code="a">Innovació oberta</subfield>
   </datafield>
   <datafield tag="653" ind2=" " ind1=" ">
      <subfield code="a">Política de la comunicació</subfield>
   </datafield>
   <datafield tag="653" ind2=" " ind1=" ">
      <subfield code="a">Social action</subfield>
   </datafield>
   <datafield tag="653" ind2=" " ind1=" ">
      <subfield code="a">Family problems</subfield>
   </datafield>
   <datafield tag="653" ind2=" " ind1=" ">
      <subfield code="a">Open innovation</subfield>
   </datafield>
   <datafield tag="653" ind2=" " ind1=" ">
      <subfield code="a">Communication policy</subfield>
   </datafield>
   <datafield ind2="0" ind1="0" tag="245">
      <subfield code="a">Apuntes sobre participación e innovación en Servicios sociales. Una aproximación cualitativa</subfield>
   </datafield>
</record></metadata></record></GetRecord></OAI-PMH>